000 00327nam a2200121Ia 4500
005 20260326100032.0
008 260326s9999||||xx |||||||||||||| ||und||
100 _aMonies, Finn
245 0 _aContemporary Danish Architecture - 1958 /
_cFinn Monies
260 _bArkitektens Forlag
650 _aARQUITECTURA REGIONAL
942 _cBK
999 _c6632
_d6632